| 000 | 00994nam a22002655i 4500 | ||
|---|---|---|---|
| 001 | 11695 | ||
| 003 | ES-MaACL | ||
| 005 | 20250824200907.0 | ||
| 007 | t| | ||
| 008 | 960408s1995 sp ||||0| spa j | ||
| 020 | _a84-921009-0-7 | ||
| 040 |
_aM-BN _bspa _cM-BN |
||
| 080 | _a659.123 | ||
| 100 | 1 |
_aConejero López, Marta. _940156 |
|
| 245 | 1 | 3 |
_aLa comunicación especializada: los modelos del lenguaje publicitario / _cby Marta Conejero López ; edited by Manuel Angel Conejero. |
| 260 |
_a[Valencia] : _bFundación Shakespeare de España, _c1995. |
||
| 300 |
_a74 p ; _c17 cm. |
||
| 490 | 1 | _aThe Notebooks of the Shakespeare Foundation of Spain. Communication | |
| 650 |
_aLenguaje publicitario. _9172240 |
||
| 700 | 1 |
_aConejero Dionís-Bayer, Manuel Angel. _940155 |
|
| 710 | 2 |
_aFundación Shakespeare de España. _94419 |
|
| 830 | 0 | 4 |
_aThe notebooks of the Shakespeare Foundation of Spain _9228340 |
| 852 |
_aES-MaACL _jL-19032 _bR.125079 |
||
| 999 |
_c11695 _d11695 |
||